Elements Ending in "ium" - Statistics

General Stats
  • This quiz has been taken 65 times
  • The average score is 36 of 79
Answer Stats
Element % Correct
Helium
85%
Uranium
74%
Einsteinium
72%
Magnesium
72%
Californium
70%
Potassium
70%
Aluminium
68%
Sodium
68%
Beryllium
66%
Lithium
66%
Calcium
64%
Yttrium
64%
Francium
62%
Germanium
62%
Plutonium
60%
Cesium
57%
Gallium
57%
Selenium
57%
Curium
55%
Radium
55%
Strontium
55%
Vanadium
53%
Cadmium
51%
Chromium
51%
Hafnium
51%
Indium
51%
Polonium
51%
Rutherfordium
51%
Titanium
51%
Barium
49%
Osmium
49%
Scandium
49%
Ytterbium
49%
Americium
47%
Iridium
47%
Zirconium
47%
Erbium
45%
Europium
45%
Neptunium
45%
Rhodium
45%
Rubidium
45%
Livermorium
43%
Palladium
43%
Thallium
43%
Holmium
40%
Moscovium
40%
Rhenium
40%
Bohrium
38%
Lawrencium
38%
Seaborgium
38%
Thorium
38%
Hassium
36%
Neodymium
36%
Berkelium
34%
Cerium
34%
Fermium
34%
Niobium
34%
Nobelium
34%
Promethium
34%
Ruthenium
34%
Terbium
34%
Actinium
32%
Meitnerium
32%
Praseodymium
32%
Samarium
32%
Thulium
32%
Copernicium
30%
Darmstadtium
30%
Dysprosium
30%
Roentgenium
30%
Gadolinium
28%
Nihonium
28%
Mendelevium
26%
Technetium
26%
Flerovium
23%
Protactinium
23%
Tellurium
23%
Dubnium
21%
Lutetium
21%
No matching quizzes found
Score Distribution
Percent of People with Each Score
Percentile by Number Answered
Your Score History
You have not taken this quiz